000 00455nam a2200157 a 4500
005 20140412111330.0
008 030116s19uu xx 00 eng d
020 _a0-590-47940-7
050 _aTR(PS E
_bAm96 1989
100 _aHoban, Julia
245 _aAmy loves the snow /
_cby Julia Hoban; pictures by Lillian Hoban.
260 _aNew York :
_bScholastic Inc,
_c1989.
300 _a1 v. (unp.) ; ill.
650 _aChildren stories
999 _c104882
_d104882